000 01124nam a22002894a 4500
001 ebr10067462
003 CaPaEBR
006 m u
007 cr cn|||||||||
008 010507s2001 ne a sb 001 0 eng
010 _z 2001033707
020 _z0792370139 (hardbound : alk.paper)
040 _aCaPaEBR
_cCaPaEBR
035 _a(OCoLC)228110624
050 1 4 _aTA418.38
_b.S45 2001eb
082 0 4 _a620.1/126
_221
100 1 _aSchijve, Jaap.
245 1 0 _aFatigue of structures and materials
_h[electronic resource] /
_cby Jaap Schijve.
260 _aDordrecht ;
_aBoston, MA :
_bKluwer Academic,
_c2001.
300 _axiv, 513 p. :
_bill.
504 _aIncludes bibliographical references and index.
533 _aElectronic reproduction.
_bPalo Alto, Calif. :
_cebrary,
_d2013.
_nAvailable via World Wide Web.
_nAccess may be limited to ebrary affiliated libraries.
650 0 _aMaterials
_xFatigue.
655 7 _aElectronic books.
_2local
710 2 _aebrary, Inc.
856 4 0 _uhttp://site.ebrary.com/lib/rucke/Doc?id=10067462
_zAn electronic book accessible through the World Wide Web; click to view
999 _c49170
_d49170